000 01123nam a2200289 i 4500
003 EG-GICUC
005 20260121101452.0
008 251211s1980 ua ||||f |||| 00| 0 ara d
040 _a EG-GICUC
_bara
_c EG-GICUC
_d EG-GICUC
_erda
041 _aara
082 0 4 _221
_a343.6
_bح س . و
092 0 4 _221
099 _aLaw1 10 343.6 ح س . و 1980
100 0 _aحسنين إبراهيم صالح عبيد
_eمؤلف.
245 1 2 _aالوجيز في علم الإجرام /
_cحسنين إبراهيم صالح عبيد.
264 1 _aالقاهرة :
_bدار النهضة العربية،
_c[1980ٍ].
300 _a175 صفحة ؛
_c24 سم
336 _2rda content
_atext
337 _2rda media
_aComputer
338 _2rda carrier
_aOnline Resource
504 _aيشتمل على إرجاعات ببليوجرافية
546 _aالنص أغلبه باللغة العربية بعض النصوص الإنجليزية والفرنسية
650 1 4 _aعلم الإجرام
_2qrmak
856 4 0 _uhttps://fll.law.cu.edu.eg/fulltext/bks/B10-07156.pdf
905 _a75
_eHassnaa
942 _2ddc
_cBK
_e21
_n0
999 _c49838
_d49838